[Event "Hannover-ch U14"]
[Site "Lehrte"]
[Date "2006.10.16"]
[Round "6"]
[White "Beyer, Teja"]
[Black "Smietana, Jonas"]
[Result "1-0"]
[WhiteElo "1202"]
[BlackElo "936"]
[PlyCount "87"]
[EventDate "2006.10.14"]
[EventType "swiss"]
[EventRounds "7"]
[EventCountry "GER"]
[SourceTitle "EXT 2021"]
[Source "ChessBase"]
[SourceDate "2020.10.23"]
[SourceVersion "1"]
[SourceVersionDate "2020.10.23"]
[SourceQuality "1"]

1. e4 e5 2. Nf3 Nc6 3. Bc4 Nf6 4. Ng5 Qe7 5. Nxf7 Rg8 6. Ng5 Rh8 7. Bf7+ Kd8 8. Bc4 Ke8 9. d3 Ng4 10. Bf7+ Kd8 11. Qxg4 d6 12. Be6 Bxe6 13. Nxe6+ Ke8 14. Nxf8 Rxf8 15. Be3 Qf7 16. 0-0 Nb4 17. Qd1 d5 18. a3 d4 19. Bxd4 exd4 20. axb4 b6 21. c3 c5 22. bxc5 bxc5 23. Qd2 Qf4 24. Qxf4 Rxf4 25. f3 Kf8 26. c4 Kg8 27. Ra4 Rb8 28. Rf2 Rb3 29. Rd2 Rf7 30. Na3 Rbb7 31. Nb5 Rfd7 32. Rd1 Rb8 33. Rb1 Ra8 34. b4 a6 35. Na3 Rb7 36. bxc5 Rxb1+ 37. Nxb1 Kf7 38. Na3 Ke6 39. Nb5 Kd7 40. Nxd4 Kc7 41. Kf2 Kb7 42. Ke3 Rc8 43. Ne6 Rc6 44. Nd8+ 1-0

[Event "Hannover-ch U14"]
[Site "Lehrte"]
[Date "2006.10.15"]
[Round "4"]
[White "Smietana, Jonas"]
[Black "Bargheer, Janina"]
[Result "1-0"]
[WhiteElo "936"]
[BlackElo "976"]
[PlyCount "67"]
[EventDate "2006.10.14"]
[EventType "swiss"]
[EventRounds "7"]
[EventCountry "GER"]
[SourceTitle "EXT 2021"]
[Source "ChessBase"]
[SourceDate "2020.10.23"]
[SourceVersion "1"]
[SourceVersionDate "2020.10.23"]
[SourceQuality "1"]

1. e4 e5 2. Nf3 Nc6 3. Bc4 Nf6 4. Ng5 Qe7 5. Bxf7+ Kd8 6. Bd5 Nd4 7. Nf7+ Ke8 8. Nxh8 Nxd5 9. exd5 Qf6 10. 0-0 Bc5 11. c3 Nf5 12. Qf3 g6 13. Re1 Qxh8 14. d4 Bd6 15. Bf4 Be7 16. Bxe5 Qf8 17. Bxc7 h5 18. d6 Qg7 19. dxe7 Nxe7 20. Bd6 h4 21. Rxe7+ Qxe7 22. Bxe7 Kxe7 23. Qe4+ Kd8 24. Qxh4+ Kc7 25. Nd2 d6 26. Qh8 b6 27. Re1 Bb7 28. Qg7+ Kc6 29. d5+ Kxd5 30. Qxb7+ Kc5 31. Qxa8 a5 32. Nb3+ Kb5 33. Qd5+ Ka6 34. Qxd6 1-0